|
|
|
|
| LEADER |
00807nam a2200229 a 4500 |
| 001 |
5976848 |
| 008 |
090716s1972 enk b 000 0 eng d |
| 010 |
|
|
|a 41005888
|
| 020 |
|
|
|a 057109712X
|
| 040 |
|
|
|a DLC
|c OAU
|d OCoLC
|d OKentU
|d TxU-Hu
|d DLC
|
| 082 |
|
|
|a 811.5
|2 17
|
| 100 |
1 |
|
|a Eliot, T. S.
|q (Thomas Stearns),
|d 1888-1965.
|
| 245 |
1 |
4 |
|a The waste land and other poems /
|c by T.S. Eliot.
|
| 260 |
|
|
|a London :
|b Faber and Faber,
|c 1972.
|
| 300 |
|
|
|a 80 p. ;
|c 19 cm.
|
| 490 |
0 |
|
|a Sesame books
|
| 504 |
|
|
|a "Select bibliography": p. 5.
|
| 541 |
1 |
|
|e 00015375
|
| 852 |
4 |
|
|a Ayesha Abed Library
|j General Shelf.
|
| 942 |
0 |
0 |
|0 1
|
| 999 |
|
|
|c 2621
|d 2621
|
| 952 |
|
|
|0 0
|1 0
|2 ddc
|4 0
|6 811_500000000000000_ELI
|7 0
|9 2387
|a BRACUL
|b BRACUL
|c GEN
|d 2009-07-21
|l 19
|m 80
|o 811.5 ELI
|p 3010015375
|r 2025-08-09
|s 2025-06-29
|t 1
|w 2009-07-21
|y BK
|